The computer font book / (Record no. 14312)

000 -LEADER
fixed length control field 00354aam a2200145 i 4500
020 ## - INTERNATIONAL STANDARD BOOK NUMBER
ISBN 0078818001
040 ## - CATALOGING SOURCE
Transcribing agency DLC
082 00 - DEWEY DECIMAL CLASSIFICATION NUMBER
Classification number 686 MCG 1993 A050 Or.
100 1# - MAIN ENTRY--AUTHOR NAME
Personal name Searfoss, Glenn
245 14 - TITLE STATEMENT
Title The computer font book /
300 ## - PHYSICAL DESCRIPTION
Number of Pages xxiv, 384 pages :
Other physical details illustrations ;
Dimensions 25 cm
650 #0 - SUBJECT ADDED ENTRY--TOPICAL TERM
Topical Term Type and type-founding
650 #0 - SUBJECT ADDED ENTRY--TOPICAL TERM
Topical Term Printing
942 ## - ADDED ENTRY ELEMENTS (KOHA)
Koha item type សៀវភៅភាសាអង់គ្លេស
952 ## - LOCATION AND ITEM INFORMATION (KOHA)
Withdrawn status [LOCAL, KOHA] 0
Holdings
Permanent Location Date acquired Koha item type Lost status Shelving location Barcode Current Location Full call number
Library Block A2017-10-12សៀវភៅភាសាអង់គ្លេស A050A14069Library Block A686 MCG 1993 A050 Or.
មជ្ឈមណ្ឌលឯការនៃសាកលវិទ្យាល័យភូមិន្ទកសិកម្មចំការដូង

Powered by Koha